000 00473nam a2200181Ia 4500
001 17112
005 20260306170401.0
008 260306t2016||||xx |||||||||||||| ||und||
041 _aESP
082 _a657.458
_bP51A
100 _aPhillips, Ann W.
_eAUT
245 0 _aCómo gestionar con éxito una auditoría interna conforme a ISO 9001:
_b2015
260 _c2016
300 _a178 páginas :
_c24 cm.
650 _aGEN
654 _aCCO
942 _cLIB
_dJUS
_fJUS
_2ddc
_n
999 _c17112
_d17112